Sports Quiz

Random Sports or Football Quiz

Two Football Club Town Quiz Stats

 Plays Quiz not verified by Sporcle

Challenge
Share
Tweet
Embed
Score 0/41 Timer 10:00
0 Plays Today
Initial Town/City % Correct
MManchester
91%
LLondon
74.2%
BBristol
70.5%
SSheffield
65.6%
NNewcastle-upon-Tyne
59.8%
OOxford
50.8%
CCambridge
43%
BBradford
39.3%
SSunderland
35.7%
NNorwich
35.2%
CCoventry
29.9%
RReading
29.9%
LLincoln
28.7%
SSwindon
26.6%
NNorthampton
25%
BBournemouth
22.5%
PPeterborough
21.3%
HHarrogate
11.9%
SSouthend
11.5%
EEastbourne
10.7%
AAylesbury
9.4%
Initial Town/City % Correct
AAshton-under-Lyne
9%
BBoston
9%
AAbingdon
7.4%
EEnfield
7.4%
OOssett
7%
CCroydon
6.6%
HHayes
6.6%
LLeyton
6.6%
LLoughborough
6.6%
EEton*
6.1%
SSlough
6.1%
BBillingham
5.7%
CCorby
5.3%
TTotton
5.3%
WWalton-on-Thames
5.3%
EErith
4.9%
DDaventry
4.5%
BBiggleswade
3.7%
RRedbridge
3.7%
HHorsham
3.3%

You're not logged in!

Compare scores with friends on all Sporcle quizzes.
Join for Free
OR
Log In

You Might Also Like...

Show Comments

Extras

Top Quizzes Today


Score Distribution

Your Account Isn't Verified!

In order to create a playlist on Sporcle, you need to verify the email address you used during registration. Go to your Sporcle Settings to finish the process.

Report this User

Report this user for behavior that violates our Community Guidelines.

Details: